banner-ar

الاقتصاد العاطفى : (Record no. 61962)

MARC details
000 -الفاتح
حقل البيانات ثابتة الطول 00922nam a22002297a 4500
005 - وقت وتاريخ اخر تعامل مع التسجيلة
رقم الضبط 20240530110524.0
008 - عناصر البيانات ثابتة الطول - معلومات عامة
حقل البيانات ثابتة الطول 150531s2011 ua a g b 000 0 ara d
017 ## - رقم الايداع القانونى
رقم الايداع القانونى 10795
المصدر ( الهيئة المختصة) مصر . دار الكتب المصرية
020 ## - الرقم الدولى المعيارى للكتب
الرقم الدولى المعيارى للكتاب 9789773771223
040 ## - مصدر الفهرسة
وكالة الفهرسة الأصلية EG-CaGPL
082 04 - رقم تصنيف ديوى العشرى
رقم الطبعة 21
رقم التصنيف 658.83\
رقم المادة هـ أ
100 1# - المدخل الرئيسى - إسم شخصى
الإسم الشخصى هيل ، دان .
245 12 - بيان العنوان
العنوان الاقتصاد العاطفى :
بقية العنوان دور العواطف فى الارتقاء بالاعمال التجارية /
بيان المسئوليه,etc تاليف دان هيل ؛ تقديم سام سيمون ؛ ترجمة مجدى صابر محمد .
250 ## - بيان الطبعة
بيان الطبعة ط1.
260 ## - PUBLICATION, DISTRIBUTION, ETC. (IMPRINT)
تاريخ النشر أو التوزيع 2011 .
300 ## - الوصف المادى
التعداد 490 ص ؛
أبعاد الوعاء 24 سم .
650 04 - المدخل الاضافى بالموضوع-مصطلح موضوعى
مصطلح موضوعي الاقتصاد .
650 04 - المدخل الاضافى بالموضوع-مصطلح موضوعى
مصطلح موضوعي الاعمال التجارية .
700 0# - المدخل الاضافى - اسم شخصى
الإسم الشخصى مجدى صابر محمد
الدور مترجم
942 ## - عناصر المدخل الإضافي( كوها)
مصدر التصنيف او مخطط الترفيف Dewey Decimal Classification
Koha [default] item type كتاب
260 ## - PUBLICATION, DISTRIBUTION, ETC. (IMPRINT)
-- القاهرة :
-- مجموعة النيل العربية ،
Holdings
حالة التراجع حالة الفقد حالة تلف ليس للاعارة المكان المؤقت الموقع الحالى تاريخ الاكتساب اجمالي اﻻعارات رقم الطلب الباركود تاريخ اخر مشاهدة تاريخ تفعيل السعر نوع وعاء كوها
        مكتبة القاهرة الكبرى مكتبة القاهرة الكبرى 02/24/2016   658.83\ هـ أ 161421 02/24/2016 02/24/2016 كتاب

Powered By

EGPV